Central Library, Doon University
WEBOPAC (ONLINE PUBLIC ACCESS CATALOGUE)

Metric Spaces And Related Analysis (Record no. 60730)

MARC details
000 -LEADER
fixed length control field 00519nam a22001937a 4500
005 - DATE & TIME
control field 20260424132431.0
008 - FIXED-LENGTH DATA ELEMENTS--GENERAL INFORMATION
fixed length control field 260424b |||||||| |||| 00| 0 eng d
020 ## - ISBN
International Standard Book Number 9798886131420
Price 1395.00
040 ## - CATALOGING SOURCE
Original cataloging agency Doon University
041 ## - Language
Language English
082 ## - DDC NUMBER
Classification number 514.325
Book Number KUN
100 ## - MAIN ENTRY--PERSONAL NAME
Personal name Kundu, Subiman
245 ## - TITLE STATEMENT
Title Metric Spaces And Related Analysis
260 ## - PUBLICATION, DISTRIBUTION, ETC. (IMPRINT)
Place of publication, distribution, etc New Jersey
Name of publisher, distributor, etc World Scientific
Date of publication, distribution, etc 2025
300 ## - PHYSICAL DESCRIPTION
Pages 257
650 ## - Subject
Subject Mathematics (PM USHA)
700 ## - Added Entry Personal Name
Added Entry Personal Name Aggarwal, Manisha
942 ## - ADDED ENTRY ELEMENTS (KOHA)
Koha item type Books
100 ## - MAIN ENTRY--PERSONAL NAME
-- 26743
650 ## - Subject
-- 26738
700 ## - Added Entry Personal Name
-- 26744
952 ## - LOCATION AND ITEM INFORMATION (KOHA)
-- 2026-04-24
952 ## - LOCATION AND ITEM INFORMATION (KOHA)
-- 2026-04-24
952 ## - LOCATION AND ITEM INFORMATION (KOHA)
-- 2026-04-24
Holdings
Withdrawn status Lost status Source of classification or shelving scheme Damaged status Not for loan Location (home branch) Sublocation or collection (holding branch) Date acquired Koha issues (times borrowed) Koha full call number Accession No. Koha date last seen Koha item type
          Doon University Doon University 24.04.2026   514.325 KUN 32806 24.04.2026 Books
          Doon University Doon University 24.04.2026   514.325 KUN 32807 24.04.2026 Books
          Doon University Doon University 24.04.2026   514.325 KUN 32808 24.04.2026 Books
Contact : +91-135-2533126 (Library),+91-135-2533105 (Admin Office) , Email : doonlibrary@gmail.com

Powered by Koha